[Event "GER-ch U10"]
[Site "Willingen"]
[Date "2017.06.08"]
[Round "8"]
[White "Friedhoff, Mirco"]
[Black "Bock, Marlon"]
[Result "1/2-1/2"]
[WhiteElo "1095"]
[BlackElo "1148"]
[PlyCount "49"]
[EventDate "2017.06.04"]
[EventType "swiss"]
[EventRounds "11"]
[EventCountry "GER"]
[SourceTitle "CBM 178 Extra"]
[Source "ChessBase"]
[SourceDate "2017.06.22"]
[SourceVersion "1"]
[SourceVersionDate "2017.06.22"]
[SourceQuality "1"]

1. e4 c5 2. Nc3 Nc6 3. Nf3 e6 4. Bb5 Qc7 5. d3 d6 6. Qe2 a6 7. Ba4 b5 8. Bb3 Nf6 9. a4 Bb7 10. 0-0 Be7 11. Bf4 b4 12. Nd1 0-0 13. Ne3 Rfe8 14. c3 Qd7 15. d4 Nxe4 16. Nc4 Qd8 17. Qxe4 d5 18. Qd3 dxc4 19. Bxc4 bxc3 20. bxc3 cxd4 21. cxd4 Bf6 22. Be5 Bxe5 23. dxe5 Qxd3 24. Bxd3 Rad8 25. Be4 1/2-1/2